Los pueblos del Norte de la Península Ibérica (Record no. 40506)

MARC details
000 -LEADER
campo de control de longitud fija 00915nam a2200217 i 4500
001 - NÚMERO DE CONTROL
campo de control 40506
003 - IDENTIFICADOR DE NÚMERO DE CONTROL
campo de control ES-MaACL
005 - FECHA Y HORA DE LA ÚLTIMA TRANSACCIÓN
campo de control 20250727024553.0
007 - CAMPO FIJO DE DESCRIPCIÓN FÍSICA--INFORMACIÓN GENERAL
campo de control de longitud fija t|
008 - DATOS DE LONGITUD FIJA--INFORMACIÓN GENERAL
campo de control de longitud fija 030306s1943 sp |||| | spa d
100 1# - ENTRADA PRINCIPAL--NOMBRE DE PERSONA
Nombre de persona Caro Baroja, Julio,
Fechas asociadas al nombre 1914-1995
9 (RLIN) 35403
245 14 - MENCIÓN DEL TÍTULO
Título Los pueblos del Norte de la Península Ibérica
Resto del título : (análisis histórico cultural) /
Mención de responsabilidad, etc. Julio Caro Baroja.
260 ## - PUBLICACIÓN, DISTRIBUCIÓN, ETC.
Lugar de publicación, distribución, etc. Madrid :
Nombre del editor, distribuidor, etc. C.S.I.C.,
Fecha de publicación, distribución, etc. 1943 (
Lugar de fabricación/manufactura Burgos :
Fabricante Imp. Aldecoa)
300 ## - DESCRIPCIÓN FÍSICA
Extensión 241 p., grab., 1 map. pleg. ;
Dimensiones 25 cm.
500 ## - NOTA GENERAL
Nota general Precede al tít.: Consejo Superior de Investigaciones Científicas, Patronato Menéndez Pelayo, "Instituto Bernardino de Sahagún"
650 #4 - PUNTO DE ACCESO ADICIONAL DE MATERIA--TÉRMINO DE MATERIA
Término de materia o nombre geográfico como elemento de entrada Antropología cultural y social-
Subdivisión geográfica España
9 (RLIN) 9873
710 2# - ENTRADA AGREGADA--NOMBRE DE ENTIDAD CORPORATIVA
Nombre de entidad corporativa o nombre de jurisdicción como elemento de entrada Patronato "Marcelino Menéndez Pelayo"
9 (RLIN) 6189
710 2# - ENTRADA AGREGADA--NOMBRE DE ENTIDAD CORPORATIVA
Nombre de entidad corporativa o nombre de jurisdicción como elemento de entrada Instituto Bernardino de Sahagún de Antropología y Etnología.
9 (RLIN) 4800
852 ## - LOCALIZACIÓN
Ubicación ES-MaACL
Número de control de estantería F-16220
Holdings
Estatus retirado Estado de pérdida Estado de daño No para préstamo Biblioteca de origen Biblioteca actual Ubicación en estantería Fecha de adquisición Fuente de adquisición Total de préstamos Signatura topográfica completa Código de barras Visto por última vez Precio de reemplazo Tipo de ítem Koha
        Biblioteca del Ateneo de Madrid Biblioteca del Ateneo de Madrid Sala Pecera Planta 2 17/01/2008     F-16220 1042643 23/02/2023 23/02/2023 Libro impreso